000
00332nam a2200133Ia 4500
008
260604s9999 xx 000 0 und d
020
_a
9781647287184
082
_a
004 KAP
100
_a
William kaplan
_9
35711
245
0
_a
Data Protection: Laws and Regulations 2025
260
_b
Willford Press
500
_a
IT, Data
942
_c
BK
999
_c
8535
_d
8535